Ч. 2 : Электронные явления при низких температурах; Двадцать третье Всесоюзное совещание по физике низких температур

書目詳細資料
Parent link:Двадцать третье Всесоюзное совещание по физике низких температур: 23-25 октября 1984 г., Таллин/ Академия наук СССР (АН СССР) ; Академия наук Эстонской ССР (АН ЭССР), Институт химической и биологической физики. Ч. 2 : Электронные явления при низких температурах.— , 1984
語言:俄语
出版: 1984
主題:
格式: 圖書
KOHA link:https://koha.lib.tpu.ru/cgi-bin/koha/opac-detail.pl?biblionumber=283769

MARC

LEADER 00000nam2a2200000 4500
001 283769
005 20231031233508.0
035 |a (RuTPU)RU\TPU\book\307898 
090 |a 283769 
100 |a 20150210d1984 k y0rusy50 ca 
101 0 |a rus 
102 |a EE 
105 |a a z 101zy 
200 0 |a Ч. 2 : Электронные явления при низких температурах 
210 |d 1984 
215 |a 209 с.  |c ил. 
320 |a Авторский указатель: с. 206-209 
461 1 |0 (RuTPU)RU\TPU\book\286531  |t Двадцать третье Всесоюзное совещание по физике низких температур  |o 23-25 октября 1984 г., Таллин  |o тезисы докладов  |f Академия наук СССР (АН СССР) ; Академия наук Эстонской ССР (АН ЭССР), Институт химической и биологической физики  |v Ч. 2 : Электронные явления при низких температурах  |d 1984 
606 1 |a Температуры низкие  |x Измерение  |2 stltpush  |3 (RuTPU)RU\TPU\subj\59399 
610 1 |a физика 
610 1 |a электронные явления 
610 1 |a сопротивления 
610 1 |a соединения 
610 1 |a магнитные поля 
610 1 |a исследования 
675 |a 536.48(063)  |v 3 
801 1 |a RU  |b 63413507  |c 20150210 
801 2 |a RU  |b 63413507  |c 20170215  |g RCR 
942 |c BK